[Event "Madrid ch 2016/2017 - Previa A"]
[Site "Madrid ESP"]
[Date "2017.02.06"]
[Round "1.22"]
[White "Bermudez Valles, Juan Alejandr"]
[Black "Lopez Orellana, Federico"]
[Result "0-1"]
[WhiteElo "1359"]
[BlackElo "1754"]
[PlyCount "78"]
[EventDate "2017.02.06"]
[EventType "swiss"]
[EventRounds "9"]
[EventCountry "ESP"]
[SourceTitle "Ajedrez en Madrid"]
[Source "lmi"]
[SourceDate "2017.02.06"]
[SourceVersion "1"]
[SourceVersionDate "2017.02.09"]
[SourceQuality "1"]

1. e4 d5 2. e5 Bf5 3. d4 e6 4. Bd3 Ne7 5. Bg5 Bg6 6. Bxg6 hxg6 7. h4 Qd7 8. Nf3
Nf5 9. g4 Nh6 10. Rg1 Be7 11. Qd3 Nc6 12. a3 O-O-O 13. Bf4 Rdf8 14. g5 Nf5 15.
Rg4 Kb8 16. Nbd2 Rc8 17. Nb3 Ka8 18. c3 Nb8 19. a4 Na6 20. Qb5 c6 21. Qd3 c5
22. Qb5 Qc7 23. Rc1 Qb8 24. c4 cxd4 25. Nfxd4 Nxd4 26. c5 Rc7 27. c6 Nb4 28.
Nxd4 a6 29. cxb7+ Rxb7 30. Qe2 Rc8 31. Bd2 Rxc1+ 32. Bxc1 Bc5 33. Bd2 Bxd4 34.
Rxd4 Nc2+ 35. Kd1 Nxd4 36. Qxa6+ Qa7 37. Qxa7+ Kxa7 38. Be3 Rb4 39. b3 Ka6 0-1

[Event "Madrid ch 2016/2017 - Previa A"]
[Site "Madrid ESP"]
[Date "2017.02.06"]
[Round "1.23"]
[White "Serrano Gonzalez, Oscar"]
[Black "Rufo Yebra, Benito"]
[Result "1-0"]
[WhiteElo "1739"]
[BlackElo "1343"]
[PlyCount "85"]
[EventDate "2017.02.06"]
[EventType "swiss"]
[EventRounds "9"]
[EventCountry "ESP"]
[SourceTitle "Ajedrez en Madrid"]
[Source "lmi"]
[SourceDate "2017.02.06"]
[SourceVersion "1"]
[SourceVersionDate "2017.02.09"]
[SourceQuality "1"]

1. d4 e6 2. c4 Nf6 3. Nf3 d6 4. Nc3 Be7 5. e4 c5 6. dxc5 dxc5 7. Qxd8+ Bxd8 8.
Bf4 Nc6 9. e5 Nh5 10. Be3 b6 11. g4 Nd4 12. Nxd4 cxd4 13. Bxd4 Nf4 14. Be3 Ng6
15. Bg2 Rb8 16. Bc6+ Bd7 17. Bxd7+ Kxd7 18. O-O-O+ Ke7 19. f4 Bc7 20. Nb5 Bd8
21. Nxa7 Ke8 22. Nc6 Rc8 23. Rxd8+ Rxd8 24. Nxd8 Kxd8 25. Bxb6+ Kc8 26. Be3 Kc7
27. b4 Ra8 28. Kb2 Ne7 29. Rd1 Rb8 30. Bc5 Nc8 31. Bd6+ Nxd6 32. exd6+ Kd7 33.
Kb3 f5 34. gxf5 exf5 35. c5 Re8 36. b5 Re3+ 37. Kc4 Re4+ 38. Rd4 g5 39. c6+ Ke6
40. d7 Rxd4+ 41. Kxd4 Ke7 42. fxg5 Kd8 43. a4 1-0

[Event "Madrid ch 2016/2017 - Previa A"]
[Site "Madrid ESP"]
[Date "2017.02.06"]
[Round "1.24"]
[White "Martin Rodriguez, Jose Luis"]
[Black "Camarero Izquierdo, Juan Carlo"]
[Result "0-1"]
[WhiteElo "1321"]
[BlackElo "1731"]
[PlyCount "60"]
[EventDate "2017.02.06"]
[EventType "swiss"]
[EventRounds "9"]
[EventCountry "ESP"]
[SourceTitle "Ajedrez en Madrid"]
[Source "lmi"]
[SourceDate "2017.02.06"]
[SourceVersion "1"]
[SourceVersionDate "2017.02.09"]
[SourceQuality "1"]

1. c4 e5 2. Nc3 Nf6 3. Nf3 Nc6 4. g3 Bb4 5. a3 Bxc3 6. dxc3 d6 7. Bg2 Be6 8. b3
Ne4 9. Qd3 f5 10. O-O O-O 11. Nd2 Nc5 12. Qc2 f4 13. e4 fxe3 14. fxe3 Rxf1+ 15.
Nxf1 a5 16. a4 Qd7 17. e4 Bh3 18. Be3 Bxg2 19. Kxg2 Ne6 20. Rd1 b6 21. Bc1 Rf8
22. Ne3 Ne7 23. Nd5 Ng6 24. Qe2 Nc5 25. Qc2 Qg4 26. Rf1 Nh4+ 27. Kg1 Nf3+ 28.
Kh1 Nxe4 29. Ne3 Nxg3+ 30. hxg3 Qh3+ 0-1

[Event "Madrid ch 2016/2017 - Previa A"]
[Site "Madrid ESP"]
[Date "2017.02.06"]
[Round "1.25"]
[White "Franco Rincon, David"]
[Black "Garo Gomez, Juan Manuel"]
[Result "1-0"]
[WhiteElo "1721"]
[BlackElo "1290"]
[PlyCount "21"]
[EventDate "2017.02.06"]
[EventType "swiss"]
[EventRounds "9"]
[EventCountry "ESP"]
[SourceTitle "Ajedrez en Madrid"]
[Source "lmi"]
[SourceDate "2017.02.06"]
[SourceVersion "1"]
[SourceVersionDate "2017.02.09"]
[SourceQuality "1"]

1. Nc3 e5 2. e4 Nc6 3. Nf3 Bc5 4. Bc4 Nd4 5. d3 Nxf3+ 6. Qxf3 Qf6 7. Qg3 g6 8.
Bg5 Qd6 9. Nb5 Bxf2+ 10. Qxf2 Qf8 11. Nxc7# 1-0

[Event "Madrid ch 2016/2017 - Previa A"]
[Site "Madrid ESP"]
[Date "2017.02.07"]
[Round "2.1"]
[White "Serrano Garcia, Vicente"]
[Black "Vukotic Jovsic, Dragan"]
[Result "0-1"]
[WhiteElo "1822"]
[BlackElo "1968"]
[PlyCount "102"]
[EventDate "2017.02.06"]
[EventType "swiss"]
[EventRounds "9"]
[EventCountry "ESP"]
[SourceTitle "Ajedrez en Madrid"]
[Source "lmi"]
[SourceDate "2017.02.06"]
[SourceVersion "1"]
[SourceVersionDate "2017.02.14"]
[SourceQuality "1"]

1. d4 d5 2. Nf3 Nf6 3. Bg5 Nbd7 4. e3 e6 5. Bd3 Be7 6. Nbd2 c5 7. c3 O-O 8. Ne5
Nxe5 9. dxe5 Nd7 10. Bf4 Bg5 11. Qh5 h6 12. h4 Bxf4 13. exf4 c4 14. Bc2 Nc5 15.
Rh3 f5 16. g4 Qe8 17. Qxe8 Rxe8 18. gxf5 exf5 19. Rg3 Ne6 20. O-O-O Nxf4 21.
Re1 Re7 22. Nf3 Kf7 23. Nd4 g6 24. Kd2 Bd7 25. Ne2 Nxe2 26. Rxe2 b5 27. f4 Re6
28. Ke3 Rb6 29. Reg2 h5 30. Kd4 Rc8 31. Re2 b4 32. b3 Be6 33. cxb4 Rxb4 34. a3
cxb3+ 35. axb4 bxc2 36. Rxc2 Rxc2 37. Rc3 Rxc3 38. Kxc3 Bd7 39. Kd4 Ke6 40. Kc5
a6 41. Kd4 Bb5 42. Kc5 Bc4 43. Kd4 Bb5 44. Kc5 Bc4 45. Kd4 Kd7 46. Kc5 Kc7 47.
Kd4 Kc6 48. Kc3 Kb5 49. Kd4 Kxb4 50. e6 a5 51. e7 Bb5 0-1

[Event "Madrid ch 2016/2017 - Previa A"]
[Site "Madrid ESP"]
[Date "2017.02.07"]
[Round "2.2"]
[White "Gil Sierra, Jacinto"]
[Black "Rueda Maria, Ramiro"]
[Result "1/2-1/2"]
[WhiteElo "1943"]
[BlackElo "1819"]
[PlyCount "78"]
[EventDate "2017.02.06"]
[EventType "swiss"]
[EventRounds "9"]
[EventCountry "ESP"]
[SourceTitle "Ajedrez en Madrid"]
[Source "lmi"]
[SourceDate "2017.02.06"]
[SourceVersion "1"]
[SourceVersionDate "2017.02.14"]
[SourceQuality "1"]

1. e4 e5 2. Nf3 Nf6 3. Nc3 Nc6 4. d4 exd4 5. Nxd4 Nxd4 6. Qxd4 d6 7. Bg5 Be7 8.
O-O-O O-O 9. Bc4 Be6 10. Bxe6 fxe6 11. e5 Ne8 12. Bxe7 Qxe7 13. exd6 Nxd6 14.
Rhe1 Qf6 15. f3 Qxd4 16. Rxd4 Rfe8 17. Re5 Rad8 18. Rc5 c6 19. a4 Nf5 20. Rb4
Re7 21. Re4 Kf7 22. a5 Rd6 23. Rf4 Red7 24. g4 Rd4 25. Rxd4 Nxd4 26. f4 b6 27.
axb6 axb6 28. Re5 Nf3 29. Re2 Rd4 30. Ne4 h6 31. c3 Ra4 32. f5 exf5 33. Nd6+
Kf6 34. gxf5 Ne5 35. Ne8+ Kxf5 36. Nxg7+ Kf6 37. Ne8+ Kf5 38. Rf2+ Kg5 39. Rg2+
Kf4 1/2-1/2

[Event "Madrid ch 2016/2017 - Previa A"]
[Site "Madrid ESP"]
[Date "2017.02.07"]
[Round "2.3"]
[White "Roldan Garcia, Angel"]
[Black "Cardena Contreras, Javier"]
[Result "1-0"]
[WhiteElo "1794"]
[BlackElo "1935"]
[PlyCount "113"]
[EventDate "2017.02.06"]
[EventType "swiss"]
[EventRounds "9"]
[EventCountry "ESP"]
[SourceTitle "Ajedrez en Madrid"]
[Source "lmi"]
[SourceDate "2017.02.06"]
[SourceVersion "1"]
[SourceVersionDate "2017.02.14"]
[SourceQuality "1"]

1. e4 c5 2. Nf3 Nc6 3. c3 Nf6 4. e5 Nd5 5. d4 cxd4 6. cxd4 e6 7. Bc4 Nb6 8. Bb3
d6 9. O-O Be7 10. Nc3 O-O 11. Qe2 a6 12. Rd1 Qc7 13. Bf4 d5 14. a3 Bd7 15. Rac1
Rac8 16. Qd3 f6 17. exf6 Qxf4 18. fxe7 Nxe7 19. Bc2 g6 20. Ne2 Qf6 21. b3 Nf5
22. Rf1 Bb5 23. Qd2 Rc6 24. Bxf5 exf5 25. Rxc6 Bxc6 26. Ne5 Qd6 27. a4 Nd7 28.
Nxd7 Qxd7 29. Nf4 Re8 30. Nd3 Qd6 31. Ne5 Bd7 32. Rc1 Rc8 33. Rxc8+ Bxc8 34.
Qc3 Be6 35. h3 Kg7 36. Qd2 h6 37. Qf4 g5 38. Qf3 Qb4 39. Qh5 Qe7 40. Qg6+ Kh8
41. Qxh6+ Kg8 42. Nf3 g4 43. Qg6+ Kh8 44. Ng5 Bg8 45. Qh6+ Bh7 46. Qxh7+ Qxh7
47. Nxh7 Kxh7 48. hxg4 fxg4 49. Kh2 Kg6 50. Kg3 Kf5 51. f3 a5 52. fxg4+ Ke4 53.
g5 Kf5 54. g6 Kxg6 55. Kf4 Kf6 56. g4 Kg6 57. g5 1-0

[Event "Madrid ch 2016/2017 - Previa A"]
[Site "Madrid ESP"]
[Date "2017.02.07"]
[Round "2.4"]
[White "Garcia Diez, Mariano"]
[Black "Ortega Morales, Pedro"]
[Result "1/2-1/2"]
[WhiteElo "1911"]
[BlackElo "1760"]
[PlyCount "35"]
[EventDate "2017.02.06"]
[EventType "swiss"]
[EventRounds "9"]
[EventCountry "ESP"]
[SourceTitle "Ajedrez en Madrid"]
[Source "lmi"]
[SourceDate "2017.02.06"]
[SourceVersion "1"]
[SourceVersionDate "2017.02.14"]
[SourceQuality "1"]

1. f4 d5 2. Nf3 g6 3. g3 Bg7 4. Bg2 Nf6 5. O-O c6 6. d3 Qb6+ 7. d4 O-O 8. c3
Ne4 9. Nbd2 Nxd2 10. Nxd2 Nd7 11. e4 dxe4 12. Nxe4 Nf6 13. Qe2 Qc7 14. Rd1 h5
15. Ng5 Bg4 16. Bf3 Bxf3 17. Nxf3 e6 18. h3 1/2-1/2

[Event "Madrid ch 2016/2017 - Previa A"]
[Site "Madrid ESP"]
[Date "2017.02.07"]
[Round "2.5"]
[White "Tirado Parra, Alberto"]
[Black "Serrano Gonzalez, Oscar"]
[Result "1-0"]
[WhiteElo "1903"]
[BlackElo "1739"]
[PlyCount "163"]
[EventDate "2017.02.06"]
[EventType "swiss"]
[EventRounds "9"]
[EventCountry "ESP"]
[SourceTitle "Ajedrez en Madrid"]
[Source "lmi"]
[SourceDate "2017.02.06"]
[SourceVersion "1"]
[SourceVersionDate "2017.02.14"]
[SourceQuality "1"]

1. f4 d5 2. Nf3 Nf6 3. e3 g6 4. Be2 Bg7 5. O-O O-O 6. d3 c5 7. a4 Nc6 8. Na3
Re8 9. Ne5 a6 10. Bf3 Qd6 11. Nxc6 bxc6 12. e4 dxe4 13. dxe4 Qd4+ 14. Qxd4 cxd4
15. Nc4 Bg4 16. e5 Bxf3 17. Rxf3 Nd5 18. Raa3 Red8 19. Rab3 Rab8 20. Na5 c5 21.
Nc6 Rxb3 22. Rxb3 Rc8 23. Rb8 Rxb8 24. Nxb8 e6 25. Nxa6 Bf8 26. b3 c4 27. bxc4
Nb6 28. c5 Nxa4 29. c6 Be7 30. Bb2 Nb6 31. Bxd4 Nc8 32. Nc5 Kf8 33. Nd7+ Ke8
34. Nb6 Kd8 35. Nxc8 Kxc8 36. Bb6 Bb4 37. Kf2 Be7 38. Kf3 Bb4 39. g4 Bc3 40.
Ke4 Bb4 41. h3 Ba3 42. Kd3 Bc1 43. Ke4 Ba3 44. Ke3 Bc1+ 45. Kf3 Ba3 46. Kg3 Bb4
47. Kg2 Bd2 48. Kf3 Bb4 49. h4 Be1 50. h5 Bc3 51. hxg6 hxg6 52. Ke4 Bb4 53. f5
Be7 54. fxg6 fxg6 55. Kd4 Bh4 56. Ke4 Be7 57. Kd4 Bh4 58. Ba5 Bf2+ 59. Kc4 Bg3
60. Kd4 Bf2+ 61. Ke4 Bh4 62. Kf4 Be7 63. Kf3 Bh4 64. c3 Kb8 65. Bb6 Kc8 66. Kf4
Be7 67. Ba5 Kb8 68. Bb4 Bh4 69. Bd6+ Kc8 70. c4 g5+ 71. Kf3 Be1 72. Ke4 Bf2 73.
Kd3 Be1 74. Kc2 Bf2 75. Kb3 Bg3 76. Ka4 Bf2 77. Kb5 Bg3 78. c5 Bf4 79. c7 Kb7
80. c8=Q+ Kxc8 81. Kc6 Be3 82. Be7 1-0

[Event "Madrid ch 2016/2017 - Previa A"]
[Site "Madrid ESP"]
[Date "2017.02.07"]
[Round "2.6"]
[White "Sanchez Hernandez, Guillermo"]
[Black "Rosa Ramirez, Victor D"]
[Result "0-1"]
[WhiteElo "1781"]
[BlackElo "1902"]
[PlyCount "88"]
[EventDate "2017.02.06"]
[EventType "swiss"]
[EventRounds "9"]
[EventCountry "ESP"]
[SourceTitle "Ajedrez en Madrid"]
[Source "lmi"]
[SourceDate "2017.02.06"]
[SourceVersion "1"]
[SourceVersionDate "2017.02.14"]
[SourceQuality "1"]

1. e4 e6 2. d4 d5 3. exd5 exd5 4. c4 Bb4+ 5. Nc3 Ne7 6. Nf3 Nbc6 7. Be2 O-O 8.
O-O dxc4 9. Bxc4 Bg4 10. a3 Ba5 11. Be2 Bxf3 12. Bxf3 Qxd4 13. Qxd4 Nxd4 14.
Bxb7 Rab8 15. Ba6 Nc2 16. Ra2 Nd4 17. b4 Bb6 18. Na4 Rfd8 19. Bf4 Nd5 20. Be5
Nc6 21. Bg3 Ncxb4 22. axb4 Nxb4 23. Bc4 Nxa2 24. Nxb6 Rxb6 25. Bxc7 Rc6 26.
Bxf7+ Kxf7 27. Bxd8 Nc3 28. Re1 Re6 29. Ra1 Rd6 30. Ba5 Rd1+ 31. Rxd1 Nxd1 32.
Kf1 Nb2 33. Ke2 g6 34. Bc3 Nc4 35. Kd3 Nd6 36. Bd4 a6 37. Bb6 Ke6 38. Kd4 Nb7
39. Kc4 Ke5 40. f3 h5 41. Bc7+ Ke6 42. h4 Kd7 43. Bb6 Kc6 44. Bd4 Nd6+ 0-1

[Event "Madrid ch 2016/2017 - Previa A"]
[Site "Madrid ESP"]
[Date "2017.02.07"]
[Round "2.7"]
[White "Santamaria Baeza, Adolfo"]
[Black "Franco Rincon, David"]
[Result "0-1"]
[WhiteElo "1872"]
[BlackElo "1721"]
[PlyCount "162"]
[EventDate "2017.02.06"]
[EventType "swiss"]
[EventRounds "9"]
[EventCountry "ESP"]
[SourceTitle "Ajedrez en Madrid"]
[Source "lmi"]
[SourceDate "2017.02.06"]
[SourceVersion "1"]
[SourceVersionDate "2017.02.14"]
[SourceQuality "1"]

1. e4 e5 2. Nf3 Nc6 3. Bc4 Be7 4. c3 d6 5. d4 Nf6 6. Nbd2 O-O 7. O-O Bg4 8. d5
Nb8 9. Re1 c6 10. Nf1 cxd5 11. Bxd5 Bxf3 12. Qxf3 Nxd5 13. exd5 Nd7 14. Ng3 Bg5
15. Nf5 Bxc1 16. Raxc1 Qf6 17. Re4 g6 18. Nh6+ Kg7 19. Qe3 Qe7 20. Rb4 b6 21.
Ng4 f5 22. Qh6+ Kg8 23. Ne3 f4 24. Nf1 Rf5 25. Re1 Qf6 26. Qh3 Nc5 27. Nd2 Qf7
28. Qf3 Re8 29. h3 Qd7 30. Ne4 Nxe4 31. Rbxe4 Rc8 32. Rd1 Rf7 33. a4 Rc5 34.
Rd3 Qb7 35. Qd1 Qc8 36. Kh2 Rc4 37. Rxc4 Qxc4 38. b3 Qc5 39. Qf3 Qc8 40. Rd2
Rc7 41. c4 Rf7 42. Re2 Kg7 43. Qc3 Qf5 44. f3 h5 45. a5 Rb7 46. axb6 axb6 47.
Re4 Kh7 48. Qb4 Qd7 49. Re1 Qc7 50. Qa4 b5 51. Qa6 bxc4 52. bxc4 Rb6 53. Qa5
Rb7 54. Qxc7+ Rxc7 55. Rc1 h4 56. Kg1 Kg7 57. Kf2 Kf6 58. Ke2 Kf5 59. Kd3 Ra7
60. c5 dxc5 61. Rxc5 Ra3+ 62. Rc3 Ra5 63. Kc4 e4 64. fxe4+ Kxe4 65. d6 Rd5 66.
Rc1 Rxd6 67. Re1+ Kf5 68. Re2 g5 69. Kc5 Re6 70. Rf2 g4 71. Kd5 Re3 72. hxg4+
Kxg4 73. Kd4 Kg3 74. Rf1 Re2 75. Rf3+ Kxg2 76. Rxf4 h3 77. Kd3 Rf2 78. Rh4 h2
79. Ke3 Kg1 80. Rg4+ Rg2 81. Ra4 h1=Q 0-1

[Event "Madrid ch 2016/2017 - Previa A"]
[Site "Madrid ESP"]
[Date "2017.02.07"]
[Round "2.8"]
[White "Lopez Orellana, Federico"]
[Black "Lopez Heras, Arturo"]
[Result "0-1"]
[WhiteElo "1754"]
[BlackElo "1862"]
[PlyCount "58"]
[EventDate "2017.02.06"]
[EventType "swiss"]
[EventRounds "9"]
[EventCountry "ESP"]
[SourceTitle "Ajedrez en Madrid"]
[Source "lmi"]
[SourceDate "2017.02.06"]
[SourceVersion "1"]
[SourceVersionDate "2017.02.14"]
[SourceQuality "1"]

1. d4 Nf6 2. Bf4 g6 3. Nc3 Bg7 4. e4 d6 5. Qd2 O-O 6. O-O-O c6 7. f3 Qa5 8. g4
Be6 9. h4 Bxa2 10. Nxa2 Qxa2 11. Qe3 Qa1+ 12. Kd2 Qxb2 13. Bd3 c5 14. Ne2 cxd4
15. Qf2 Qb4+ 16. Kc1 Nc6 17. h5 Ne5 18. hxg6 fxg6 19. Qh2 Rac8 20. Bxe5 dxe5
21. Ng3 Rc5 22. Rdf1 Rfc8 23. g5 Ra5 24. Kd1 Ra2 25. Qd2 Ra1+ 26. Ke2 Qxd2+ 27.
Kxd2 Rxf1 28. Rxf1 Nd7 29. Rb1 b6 0-1

[Event "Madrid ch 2016/2017 - Previa A"]
[Site "Madrid ESP"]
[Date "2017.02.07"]
[Round "2.9"]
[White "Fernandez Garcia, Ignacio"]
[Black "Boni De Aristizabal, Marco"]
[Result "1-0"]
[WhiteElo "1856"]
[BlackElo "1715"]
[PlyCount "67"]
[EventDate "2017.02.06"]
[EventType "swiss"]
[EventRounds "9"]
[EventCountry "ESP"]
[SourceTitle "Ajedrez en Madrid"]
[Source "lmi"]
[SourceDate "2017.02.06"]
[SourceVersion "1"]
[SourceVersionDate "2017.02.14"]
[SourceQuality "1"]

1. e4 c6 2. d4 d5 3. Nc3 dxe4 4. Nxe4 Bf5 5. Ng3 Bg6 6. Nf3 e6 7. Ne5 Nd7 8. f4
Be7 9. c3 Ngf6 10. Bd3 Bxd3 11. Qxd3 c5 12. O-O cxd4 13. cxd4 O-O 14. Qf3 Nxe5
15. dxe5 Nd5 16. f5 Bc5+ 17. Kh1 Qc7 18. Ne4 Bd4 19. f6 Bxe5 20. Qg4 g6 21. Qg5
Qc4 22. Re1 Qd4 23. Bd2 Nxf6 24. Nc3 Bc7 25. Rad1 Ng4 26. Be3 Qc4 27. Rd4 Qc6
28. Qxg4 Be5 29. Rd3 Bg7 30. Red1 Qa6 31. Qg5 Bxc3 32. bxc3 Qxa2 33. Qf6 Qa5
34. Bh6 1-0

[Event "Madrid ch 2016/2017 - Previa A"]
[Site "Madrid ESP"]
[Date "2017.02.07"]
[Round "2.10"]
[White "Camarero Izquierdo, Juan Carlo"]
[Black "Pashov, Spas Nikolov"]
[Result "1-0"]
[WhiteElo "1731"]
[BlackElo "1853"]
[PlyCount "127"]
[EventDate "2017.02.06"]
[EventType "swiss"]
[EventRounds "9"]
[EventCountry "ESP"]
[SourceTitle "Ajedrez en Madrid"]
[Source "lmi"]
[SourceDate "2017.02.06"]
[SourceVersion "1"]
[SourceVersionDate "2017.02.14"]
[SourceQuality "1"]

1. d4 Nf6 2. Nc3 d5 3. Bg5 h6 4. Bh4 e6 5. f3 Be7 6. Qd3 b6 7. O-O-O Ba6 8. Qd2
c5 9. e3 Bxf1 10. Rxf1 Nc6 11. Nge2 Rc8 12. g4 Ne4 13. fxe4 Bxh4 14. exd5 cxd4
15. Nxd4 Nxd4 16. Qxd4 Bf6 17. Qa4+ Qd7 18. dxe6 fxe6 19. Qxd7+ Kxd7 20. Ne4
Ke7 21. Nxf6 gxf6 22. Rf2 h5 23. gxh5 Rxh5 24. Rg2 Kd6 25. Rf1 Ke5 26. Kd2 f5
27. a4 Rch8 28. Rff2 Rh4 29. b3 a6 30. c4 b5 31. axb5 axb5 32. cxb5 Rb8 33. Kc3
Rxb5 34. Rb2 Rc5+ 35. Kd3 Rd5+ 36. Kc3 Rc5+ 37. Kd3 Rd5+ 38. Kc3 Ke4 39. Rge2
Rh3 40. b4 f4 41. b5 Rxe3+ 42. Rxe3+ Kxe3 43. b6 Rc5+ 44. Kb4 Rc8 45. b7 Rb8
46. Kc5 f3 47. Kc6 f2 48. Rb1 Ke2 49. Kc7 Rf8 50. h4 f1=Q 51. Rxf1 Kxf1 52. h5
e5 53. h6 e4 54. h7 Rh8 55. b8=Q Rxh7+ 56. Kd6 Rh3 57. Qb1+ Kf2 58. Qxe4 Re3
59. Qd4 Ke2 60. Kc5 Rd3 61. Qg4+ Ke3 62. Kc4 Rd2 63. Qg3+ Ke4 64. Qe1+ 1-0

[Event "Madrid ch 2016/2017 - Previa A"]
[Site "Madrid ESP"]
[Date "2017.02.07"]
[Round "2.12"]
[White "Hernanz Villaoslada, Javier"]
[Black "Osorio Ramos, Francisco"]
[Result "1/2-1/2"]
[WhiteElo "1719"]
[BlackElo "1838"]
[PlyCount "38"]
[EventDate "2017.02.06"]
[EventType "swiss"]
[EventRounds "9"]
[EventCountry "ESP"]
[SourceTitle "Ajedrez en Madrid"]
[Source "lmi"]
[SourceDate "2017.02.06"]
[SourceVersion "1"]
[SourceVersionDate "2017.02.14"]
[SourceQuality "1"]

1. d4 Nf6 2. c4 e6 3. Nc3 b6 4. e4 Bb7 5. e5 Ne4 6. Nxe4 Bxe4 7. f3 Bb7 8. Ne2
Be7 9. Be3 O-O 10. Ng3 d6 11. exd6 cxd6 12. Bd3 d5 13. O-O Nd7 14. Rc1 Nf6 15.
b3 Rc8 16. Bf4 Bd6 17. Bg5 h6 18. Be3 Qe7 19. Qd2 Bb4 1/2-1/2

[Event "Madrid ch 2016/2017 - Previa A"]
[Site "Madrid ESP"]
[Date "2017.02.07"]
[Round "2.13"]
[White "Rottenwoerer, Christoph"]
[Black "Jimenez Gonzalez, Marcos"]
[Result "0-1"]
[WhiteElo "1665"]
[BlackElo "1798"]
[PlyCount "191"]
[EventDate "2017.02.06"]
[EventType "swiss"]
[EventRounds "9"]
[EventCountry "ESP"]
[SourceTitle "Ajedrez en Madrid"]
[Source "lmi"]
[SourceDate "2017.02.06"]
[SourceVersion "1"]
[SourceVersionDate "2017.02.14"]
[SourceQuality "1"]

1. d4 e6 2. Bf4 Nf6 3. e3 b6 4. c3 Bb7 5. Nd2 Be7 6. Ngf3 O-O 7. Bd3 d5 8. Ne5
Ne4 9. Qe2 c5 10. a4 a5 11. h4 f6 12. Nef3 Nd7 13. Bb5 e5 14. Bh2 Nxd2 15. Nxd2
exd4 16. cxd4 cxd4 17. exd4 Bb4 18. Qe6+ Rf7 19. Kd1 Nf8 20. Qf5 Bc8 21. Qd3
Bd6 22. Bxd6 Qxd6 23. Rc1 Bd7 24. Rc3 Re8 25. Bxd7 Rxd7 26. Nf3 Rde7 27. Re1
Qb4 28. b3 Re4 29. Re3 Qa3 30. Qb5 Qa1+ 31. Rc1 Rxd4+ 32. Nxd4 Qxd4+ 33. Rd3
Qg4+ 34. f3 Qg6 35. Qxd5+ Kh8 36. Rd2 Qg3 37. Qd6 Qe1+ 38. Kc2 Rc8+ 39. Kd3
Qxc1 40. Ke4 Qe1+ 41. Kd3 Qf1+ 42. Kd4 Qa1+ 43. Kd3 Qc3+ 44. Ke4 Re8+ 45. Kf4
Qe5+ 46. Qxe5 fxe5+ 47. Ke4 Re6 48. Rd8 Kg8 49. Kd5 Rg6 50. Kxe5 Rxg2 51. Rd6
Ng6+ 52. Ke6 Re2+ 53. Kd7 Ne5+ 54. Kc7 Nxf3 55. Rxb6 Nd4 56. Rb8+ Kf7 57. b4
Re7+ 58. Kd6 axb4 59. Rxb4 Nf5+ 60. Kc6 Re6+ 61. Kb7 Nd6+ 62. Kb8 Ke7 63. a5
Re5 64. a6 Rc5 65. Ka7 Rc7+ 66. Kb6 Rd7 67. Ra4 Kd8 68. Kc6 Nc8 69. Ra5 Rd6+
70. Kc5 Rh6 71. Ra4 Na7 72. Kd5 Kd7 73. Kc5 Rf6 74. Rd4+ Kc7 75. Ra4 Rf5+ 76.
Kb4 Rf4+ 77. Ka5 Nc6+ 78. Kb5 Rxa4 79. Kxa4 Kb6 80. Kb3 Kxa6 81. Kc4 Kb6 82.
Kd5 Nd8 83. Kd6 Nf7+ 84. Ke7 Nh6 85. Kf8 Nf5 86. h5 g5 87. Kg8 g4 88. Kxh7 g3
89. Kg6 g2 90. Kxf5 g1=Q 91. h6 Qg8 92. Kf6 Qh7 93. Kg5 Kc6 94. Kh5 Kd6 95. Kg5
Ke5 96. Kh5 0-1

[Event "Madrid ch 2016/2017 - Previa A"]
[Site "Madrid ESP"]
[Date "2017.02.07"]
[Round "2.14"]
[White "Cupeiro Fernandez, Manuel"]
[Black "Sotoca Aguado, Jose"]
[Result "0-1"]
[WhiteElo "1511"]
[BlackElo "1911"]
[PlyCount "136"]
[EventDate "2017.02.06"]
[EventType "swiss"]
[EventRounds "9"]
[EventCountry "ESP"]
[SourceTitle "Ajedrez en Madrid"]
[Source "lmi"]
[SourceDate "2017.02.06"]
[SourceVersion "1"]
[SourceVersionDate "2017.02.14"]
[SourceQuality "1"]

1. e4 e6 2. d4 d5 3. exd5 exd5 4. Nf3 Bd6 5. Bd3 Ne7 6. Be3 Bf5 7. O-O O-O 8.
c3 c6 9. Qc2 Bxd3 10. Qxd3 Qc7 11. Nbd2 Nd7 12. Rfe1 h6 13. Nf1 f5 14. Rac1
Rae8 15. Rc2 Nf6 16. h3 Ne4 17. Rce2 Ng6 18. Bc1 Bf4 19. Qd1 Re7 20. Ne3 Bxe3
21. Bxe3 Rfe8 22. Qd3 Qd6 23. Qc2 Qf6 24. Qd3 a6 25. a4 Nd6 26. b3 Re4 27. Qc2
f4 28. Bc1 Qe6 29. Rxe4 dxe4 30. c4 Qf5 31. Nh2 Qe6 32. Qe2 Kf7 33. Qh5 Qf5 34.
Qg4 Qxg4 35. Nxg4 h5 36. Nh2 Kf6 37. Bb2 Kf5 38. Nf1 Nf8 39. Rd1 g5 40. d5 c5
41. Re1 Nd7 42. Nd2 g4 43. hxg4+ hxg4 44. Kf1 Ne5 45. Bxe5 Kxe5 46. Nxe4 Nxe4
47. f3 Kf5 48. fxe4+ Ke5 49. Rd1 Rd8 50. Re1 Rd6 51. a5 b6 52. Ke2 bxa5 53. Kd3
Rb6 54. Kc3 Rf6 55. Kd2 Rh6 56. Re2 Rb6 57. Kc3 f3 58. gxf3 gxf3 59. Rd2 Rf6
60. Rf2 Kxe4 61. Kd2 Rb6 62. Kc3 Ke3 63. Rh2 f2 64. Rh3+ Ke2 65. Rh2 Ke1 66.
Rh1+ f1=Q 67. Rxf1+ Kxf1 68. Kb2 a4 0-1

[Event "Madrid ch 2016/2017 - Previa A"]
[Site "Madrid ESP"]
[Date "2017.02.07"]
[Round "2.15"]
[White "De La Fuente Ebro, Miguel"]
[Black "Beekhof Harmsen, Willen"]
[Result "1-0"]
[WhiteElo "1712"]
[BlackElo "1561"]
[PlyCount "83"]
[EventDate "2017.02.06"]
[EventType "swiss"]
[EventRounds "9"]
[EventCountry "ESP"]
[SourceTitle "Ajedrez en Madrid"]
[Source "lmi"]
[SourceDate "2017.02.06"]
[SourceVersion "1"]
[SourceVersionDate "2017.02.14"]
[SourceQuality "1"]

1. d4 Nf6 2. c4 g6 3. Nc3 d5 4. e3 Bg7 5. Nf3 O-O 6. h3 c6 7. Bd3 dxc4 8. Bxc4
b5 9. Bd3 a5 10. O-O Nbd7 11. Qc2 Bb7 12. Qe2 Re8 13. Rd1 b4 14. Ne4 Nxe4 15.
Bxe4 f5 16. Bd3 Qc7 17. Bc4+ e6 18. Ng5 Nf8 19. f4 h6 20. Nf3 Kh7 21. Rb1 c5
22. b3 cxd4 23. Nxd4 e5 24. Nb5 Qc5 25. Nd6 Be4 26. Nxe4 fxe4 27. fxe5 Bxe5 28.
Rd5 Qc7 29. Bb2 a4 30. Rbd1 axb3 31. Bxb3 Bxb2 32. Qxb2 Qc3 33. Qf2 Qg7 34. Qd2
Qc3 35. Qe2 Qg7 36. Qb5 Rab8 37. Qc4 Qc3 38. Rd7+ Nxd7 39. Rxd7+ Kh8 40. Qf7
Qa1+ 41. Bd1 Re7 42. Qxe7 1-0

[Event "Madrid ch 2016/2017 - Previa A"]
[Site "Madrid ESP"]
[Date "2017.02.07"]
[Round "2.16"]
[White "Jaumandreu Llopis, Antonio"]
[Black "Gonzalez Recas, Fernando"]
[Result "1-0"]
[WhiteElo "1541"]
[BlackElo "1701"]
[PlyCount "49"]
[EventDate "2017.02.06"]
[EventType "swiss"]
[EventRounds "9"]
[EventCountry "ESP"]
[SourceTitle "Ajedrez en Madrid"]
[Source "lmi"]
[SourceDate "2017.02.06"]
[SourceVersion "1"]
[SourceVersionDate "2017.02.14"]
[SourceQuality "1"]

1. e4 d6 2. d4 Nf6 3. Nc3 g6 4. f4 Bg7 5. Nf3 c5 6. dxc5 Qa5 7. Bb5+ Bd7 8.
Bxd7+ Nbxd7 9. O-O Qxc5+ 10. Kh1 Ng4 11. Qe2 Bxc3 12. bxc3 Qxc3 13. Rb1 Qc7 14.
Bb2 e5 15. Ng5 Nh6 16. Qd3 O-O 17. Rbd1 Nb6 18. f5 Nc4 19. Bc1 Qc5 20. Qh3 f6
21. Ne6 Qc8 22. Nxf8 Qxf8 23. fxg6 hxg6 24. Bxh6 Qf7 25. Bg5 1-0